El diario de adán y eva /
Guardado en:
| Autor Principal: | |
|---|---|
| Formato: | Libro |
| Publicado: |
Buenos Aires :
Longseller,
2013
|
| Series: | Clásicos de siempre. Relatos y novelas
|
| Materias: | |
| Etiquetas: |
Agregar Etiqueta
Sin Etiquetas, Sea el primero en etiquetar este registro!
|
| LEADER | 00684nam a22002295a 4500 | ||
|---|---|---|---|
| 001 | CEM.cems018239 | ||
| 005 | 20140326113635.0 | ||
| 008 | 130507s2013##################000#0#####d | ||
| 003 | CEMS | ||
| 020 | |a 9789875505131 | ||
| 082 | 0 | 4 | |a 813.4 |
| 100 | 1 | |a Twain, Mark | |
| 245 | 1 | 0 | |a El diario de adán y eva / |c Mark Twain |
| 260 | |a Buenos Aires : |b Longseller, |c 2013 | ||
| 300 | |a 128 p. | ||
| 490 | 0 | |a Clásicos de siempre. Relatos y novelas | |
| 653 | |a Literatura | ||
| 653 | |a Literatura norteamericana | ||
| 653 | |a Novelas | ||
| 653 | |a Novela norteamericana | ||
| 653 | |a Ministerio de educación-colección literaria | ||
| 859 | |a CEMS |b BIB. CEMS - Agricultura |h 813.4 |i T911 |p A2002.14 |t Ej.1 | ||
